Statistiken für Städte und Gemeinden Marburg-Biedenkopfs

Klicken Sie hier um das Quiz zu spielen!

Allgemein

  • Dieses Quiz wurde 19 mal gespielt
  • Das Durchschnittsergebnis liegt bei 9 aus 22

Antwortstatistiken

Gemeinde/StadtName der Antwort% Korrekt
Universitätsstadt Marburg
100%
StadtBiedenkopf
87%
GemeindeCölbe
80%
StadtStadtallendorf
67%
StadtKirchhain
60%
GemeindeLahntal
60%
GemeindeWeimar
60%
StadtWetter
60%
GemeindeLohra
53%
StadtAmöneburg
47%
StadtGladenbach
47%
GemeindeDautphetal
40%
GemeindeEbsdorfergrund
40%
GemeindeFronhausen
27%
StadtNeustadt
27%
GemeindeBreidenbach
20%
GemeindeAngelburg
13%
GemeindeBad Endbach
13%
StadtRauschenberg
13%
GemeindeSteffenberg
13%
GemeindeWohratal
13%
GemeindeMünchhausen
7%

Verteilung der Resultate

Perzentil nach korrekt beantworteten Fragen

Anzahl Personen mit jedem Resultat

Ihre Resultats-Entwicklung

Sie haben dieses Quiz noch nicht gespielt